TEXTBOOK OF FIELD CROPS PRODUCTION- (FOODGRAIN CROPS) VOL-1 (Record no. 5444)

MARC details
000 -LEADER
fixed length control field 00384nam a22001457a 4500
005 - DATE AND TIME OF LATEST TRANSACTION
control field 20170409142752.0
008 - FIXED-LENGTH DATA ELEMENTS--GENERAL INFORMATION
fixed length control field 170409b xxu||||| |||| 00| 0 eng d
020 ## - INTERNATIONAL STANDARD BOOK NUMBER
ISBN 978-81-7164-116-1
041 ## - LANGUAGE CODE
Language code of text/sound track or separate title eng
100 ## - MAIN ENTRY--AUTHOR NAME
Personal name PRASAD, DR RAJENDRA
245 ## - TITLE STATEMENT
Title TEXTBOOK OF FIELD CROPS PRODUCTION- (FOODGRAIN CROPS) VOL-1
260 ## - PUBLICATION, DISTRIBUTION, ETC. (IMPRINT)
Place of publication NEW DELHI
Name of publisher ICAR
Year of publication 2017
300 ## - PHYSICAL DESCRIPTION
Number of Pages 396
942 ## - ADDED ENTRY ELEMENTS (KOHA)
Koha item type Books
Holdings
Lost status Damaged status Collection code Home library Current library Shelving location Date acquired Source of acquisition Cost, normal purchase price Full call number Accession Number Koha item type
    AGRICULTURE JRU Library JRU Library SHELF-44-C 09/04/2017 PURCHESS 500.00 633 21764 Books
    Reference JRU Library JRU Library SHELF-2-D 09/04/2017 PURCHESS 500.00 633 21765 Books
    AGRICULTURE JRU Library JRU Library SHELF-44-C 09/04/2017 PURCHESS 500.00 633 21766 Books
    AGRICULTURE JRU Library JRU Library SHELF-44-C 09/04/2017 PURCHESS 500.00 633 21767 Books
    AGRICULTURE JRU Library JRU Library SHELF-44-C 09/04/2017 PURCHESS 500.00 633 21768 Books
    AGRICULTURE JRU Library JRU Library SHELF-44-C 25/10/2017 PURCHESS 500.00 633 22189 Books
    AGRICULTURE JRU Library JRU Library SHELF-44-C 25/10/2017 PURCHESS 500.00 633 22190 Books
    AGRICULTURE JRU Library JRU Library SHELF-44-C 25/10/2017 PURCHESS 500.00 633 22191 Books
    AGRICULTURE JRU Library JRU Library SHELF-44-C 25/10/2017 PURCHESS 500.00 633 22192 Books
    AGRICULTURE JRU Library JRU Library SHELF-44-C 25/10/2017 PURCHESS 500.00 633 22193 Books